000 00656nam a22002172 4500
001 0000005425
005 20151217160101.0
008 070614s xx 000 0 eng d
020 _a078140133X :
_cKES 1,590
040 _aKABU
_cKABU
050 0 _aBS440
_b.M53
100 1 _aMickelsen, Berkeley.
_@0000156743
245 1 4 _aThe Picture Bible dictionary /
_cBerkeley and Alvera Mickelsen.
260 _aElgin, Ill. :
_bD. C. Cook,
_c1993.
300 _a384 p.
650 0 _aBible
_vDictionaries.
_@0000148983
700 1 _aMickelsen, Alvera.
_@0000156744
908 _a070614
950 _@1
999 _c13995
_d13995